100 największych miast Ukrainy (Quiz na mapie) - Statystyki

Ogólne statystyki
  • Ten quiz został rozwiązany 831 razy
    165 od ostatniego zresetowania
  • Średni wynik to 24 z 100
Odpowiedzi na mapie
Odpowiedzi zakodowano w zielono-czerwonej skali na mapie do tego quizu, zgodnie z poniższymi procentami.
 
Statystyki odpowiedzi
# Populacja Miasto % Poprawnych
1. 2 952 301 Kijów
99%
7. 717 803 Lwów
98%
2. 1 433 886 Charków
93%
3. 1 010 537 Odessa
92%
5. 901 645 Donieck
89%
4. 980 948 Dniepr
84%
6. 722 713 Zaporoże
77%
11. 401 297 Ługańsk
76%
10. 431 859 Mariupol
75%
8. 680 000 Krzywy Róg
70%
9. 470 011 Mikołajów
66%
21. 245 272 Równe
66%
19. 263 448 Sumy
66%
28. 215 986 Łuck
64%
12. 370 063 Winnica
63%
57. 67 000 Chersoń
62%
25. 225 004 Tarnopol
61%
20. 260 000 Żytomierz
60%
23. 238 196 Iwano-Frankiwsk|Stanisławów
58%
15. 286 850 Połtawa
52%
17. 273 713 Chmielnicki
51%
14. 287 490 Czernihów
51%
16. 269 836 Czerkasy
47%
32. 115 449 Użhorod
42%
18. 265 471 Czerniowce
41%
29. 208 737 Biała Cerkiew
39%
40. 96 896 Kamieniec Podolski
32%
30. 153 756 Melitopol
32%
31. 150 084 Kramatorsk
30%
22. 239 828 Gorłówka
24%
27. 219 477 Krzemieńczuk
24%
35. 106 311 Berdiańsk
23%
54. 68 462 Kowel
23%
26. 219 676 Kropywnycki
23%
13. 351 820 Makiejewka
23%
66. 59 746 Stryj
23%
50. 73 682 Drohobycz
22%
63. 62 456 Irpień
22%
37. 105 160 Nikopol
22%
51. 71 411 Izmaił
21%
33. 109 473 Browary
20%
34. 106 972 Słowiańsk
20%
43. 85 771 Mukaczewo
18%
100. 37 910 Włodzimierz
17%
64. 61 347 Kołomyja
15%
24. 226 845 Kamieńskie
14%
38. 101 430 Pawłohrad
14%
36. 106 062 Ałczewsk
11%
58. 66 504 Szeptycki|Krystynopol
11%
61. 63 674 Boryspol
10%
44. 82 762 Humań
10%
87. 45 884 Izium
10%
39. 99 067 Siewierskodonieck
10%
99. 38 008 Dubno
9%
41. 93 340 Lisiczańsk
9%
73. 54 102 Czarnomorsk
8%
75. 53 836 Enerhodar
8%
93. 40 155 Podolsk
8%
81. 48 032 Żółte Wody
8%
48. 76 097 Aleksandria
7%
53. 68 792 Konstantynówka
7%
77. 52 188 Nowowołyńsk
7%
97. 39 497 Pokrow
7%
42. 86 267 Konotop
6%
62. 62 894 Korosteń
6%
86. 46 044 Nowa Kachowka
6%
69. 55 088 Drużkiwka
5%
89. 44 841 Fastów
5%
78. 50 468 Szachtarsk
5%
49. 74 520 Szostka
5%
47. 76 673 Jenakijewe
4%
65. 60 374 Rubiżne
4%
72. 54 242 Antracyt
3%
80. 48 967 Białogród nad Dniestrem
3%
74. 54 026 Łozowa
3%
59. 66 089 Perwomajsk
3%
76. 53 174 Pryłuki
3%
52. 70 749 Samar
3%
56. 67 530 Smiła
3%
82. 48 003 Śnieżne
3%
45. 82 228 Chrustalnyj
2%
88. 45 143 Łubnie
2%
84. 47 747 Marganiec
2%
98. 39 300 Mirhorod
2%
55. 68 168 Niżyn
2%
79. 50 100 Ochtyrka
2%
96. 39 643 Warasz
2%
70. 55 086 Zwiahel
2%
85. 46 830 Brianka
1%
67. 58 641 Charcysk
1%
68. 56 993 Czystiakowe
1%
60. 64 895 Dołżańsk
1%
71. 54 401 Horiszni Pławni
1%
46. 77 168 Kadyjewka
1%
94. 40 088 Romny
1%
83. 47 852 Roweńki
1%
91. 43 130 Switłowodśk
1%
95. 39 759 Piwdennoukrajinśk
0%
90. 44 283 Sorokyne
0%
92. 40 299 Szepetówka
0%
Nie znaleziono quizów pasujących do podanych kryteriów
Rozkład punktacji
Procent ludzi z każdym wynikiem
Percentyl według liczby udzielonych odpowiedzi
Twoja historia wyników
Nie rozwiązałeś tego quizu od ostatniego zresetowania